| 000 | 00858nmc a2200325 a 4500 | ||
|---|---|---|---|
| 003 | AR-X00000XY | ||
| 005 | 20251128211956.0 | ||
| 008 | 137020s1999 ||||||||||||||000 | spa|| | ||
| 020 | _a0-582-36411-6 | ||
| 040 | _cAR-X00000XY | ||
| 100 | 1 | _aGrisham, John | |
| 245 | 1 | 0 | _aThe chamber |
| 260 |
_aHarlow _bPearson Education Limited _c1999 |
||
| 300 | 0 | _a105 p. | |
| 490 | 0 |
_aPenguin readers. Level 6 _vv. 1 |
|
| 500 | 0 | _aNivel avanzado [3.000 words] | |
| 650 | 4 | _aENSENANZA DE IDIOMAS | |
| 650 | 4 | _aINGLES | |
| 650 | 4 | _aENSENANZA DE SEGUNDA LENGUA | |
| 650 | 4 | _aACTIVIDADES DE APRENDIZAJE | |
| 650 | 4 | _aVOCABULARIO | |
| 653 | 0 | _aADAPTACIONES LITERARIAS | |
| 653 | 0 | _aNARRATIVA | |
| 655 | _aLITERATURA | ||
| 700 | 1 |
_aHarmes, Sue _eadaptador |
|
| 800 | 1 | _aHopkins, Andy | |
| 800 | 1 | _aPotter, Jocelyn | |
| 942 | _cBK | ||
| 998 | _cNancy | ||
| 999 |
_c21873 _d21873 |
||